000 00708nam a2200205 a 4500
005 20241130063755.0
008 991125s1995 mx 000 0 spa u
035 _aUPN01000002131
049 _aF
050 4 _aJL1298 A2
_bA4.7
245 0 0 _aAlternativas de propuestas para una reforma electoral :
_bobjetivos, debates y propuestas /
_cArturo Alvarado Mendoza ... [et al.].
260 _aMéxico :
_bFundación Friedrich Ebert,
_c1995.
300 _a49 p.
440 0 _aDocumentos de trabajo ;
_v49
650 2 _aElecciones
_zMéxico
_95520
650 2 _aPartidos políticos
_zMéxico
_99992
651 4 _aMéxico
_xPolítica y gobierno
_94512
700 1 _aAlvarado Mendoza, Arturo,
_ecoaut.
905 _aLibro
999 _c2131
_d2131